000 00851nam a2200205Ia 4500
008 0000001995 pr a 0000000000spa00
090 _aPPR00 T67g
100 1 _aTorres, Gerardo
_d1964
245 1 0 _aGerardo Torres
_c/ fotografías René Castillo
300 _a1 plegable [6] p.
_c/ 31 cm.
500 _aExposición realizada en Forum de las Artes, Hato Rey (Puerto Rico), 1995 \ Con el patronazgo del maestro venezolano Jesús Rafael Soto (q.e.p.d.) \ Registro auspiciado por el IDCT. Bogotá
600 0 0 _aTORRES, GERARDO, 1964/
_xTRABAJOS PICTORICOS
650 1 4 _aARTE CONTEMPORANEO PUERTORRIQUEÑO
650 1 4 _xCATALOGOS
650 1 4 _xEXPOSICIONES
650 1 4 _aPINTORES PUERTORRIQUEÑOS
650 1 4 _aPINTURA PUERTORRIQUEÑA
700 1 _aCastillo, René
999 _c4059
_d4059
260 _aHato Rey (Puerto Rico) : Forum de las Artes
_c1995